000 004010000a22001810004500
999 _c47502
_d47502
001 255
003 CO-MdFUSB
005 20171108172834.0
008 171031b xxu||||| |||| 00| 0 eng d
020 _a1-55513-541-2
040 _cCO-MdBIC
082 0 4 _a868HC H79nt
100 1 _aHoth, Iva
245 1 0 _aNuevo testamento ilustrado
260 _aElvan Olmstead
300 _a251 p.
942 _cLGB